Most Guessed Countries by Letter A-Z - Statistics

General Stats
  • This quiz has been taken 40 times
  • The average score is 10 of 15
Answer Stats
Letter % Country % Correct
U 90 United States
94%
C 94 Canada
92%
B 91 Brazil
89%
G 94 Germany
89%
A 86 Australia
86%
I 89 India
83%
V 94 Venezuela
83%
T 93 Turkey
78%
K 90 Kazakhstan
75%
E 82 Estonia
61%
S 96 Sweden
53%
N 88 Niger
42%
P 85 Panama
39%
L 87 Lithuania
36%
M 86 Madagascar
19%
No matching quizzes found
Score Distribution
Percent of People with Each Score
Percentile by Number Answered
Your Score History
You have not taken this quiz